Introduction to entrepreneurship. (Record no. 6119)
[ view plain ]
| 000 -LEADER | |
|---|---|
| fixed length control field | 00729nam a2200205 4500 |
| 020 ## - INTERNATIONAL STANDARD BOOK NUMBER | |
| ISBN | 1285052153 |
| 020 ## - INTERNATIONAL STANDARD BOOK NUMBER | |
| ISBN | 9781285052151 |
| 050 ## - CALL NUMBER | |
| Classification number | HB615 |
| Item number | .K96 |
| 100 ## - AUTHOR | |
| Personal name | Kuratko, Donald F. |
| 245 ## - TITLE | |
| Title | Introduction to entrepreneurship. |
| Statement of responsibility, etc | Donald F. Kuratko |
| 250 ## - EDITION | |
| Edition statement | 9th ed. |
| 260 ## - PUBLICATION INFORMATION | |
| Place of publication | Mason, Ohio : |
| Name of publisher | South-Western ; |
| Year of publication | 2014. |
| 300 ## - DESCRIPTION | |
| Number of Pages | xxxv, 604 pages : |
| Other physical details | illustrations ; |
| Dimensions | 28 cm. |
| 500 ## - NOTES | |
| General note | includes index |
| 505 ## - FORMATTED CONTENTS NOTE | |
| Table of Content | Understanding the entrepreneurial mind-set<br/>Launching entrepreneurial ventures<br/>Formulating the entrepreneurial plan<br/>A strategic perspective in entrepreneurship |
| 650 ## - SUBJECTS | |
| Topical Term | Entrepreneurship. |
| 650 ## - SUBJECTS | |
| Topical Term | Small business--Management. |
| 650 ## - SUBJECTS | |
| Topical Term | Industrial management. |
| 942 ## - ADDED ENTRY ELEMENTS (KOHA) | |
| Koha item type | Books |
| Withdrawn status | Lost status | Collection code | Home library | Current library | Shelving location | Date acquired | Full call number | Accession Number | Koha item type |
|---|---|---|---|---|---|---|---|---|---|
| Reference | Methodist University Library Main | Methodist University Library Main | General Stacks | HB615 .K96 | 8049 | Books | |||
| Reference | Methodist University Library Main | Methodist University Library Main | General Stacks | HB615 .K96 | 8050 | Books |